Statistics for Cinema Vocabulary - Spanish

Click here to take the quiz!

General Stats

  • This quiz has been taken 6 times
  • The average score is 6 of 31

Answer Stats

HintAnswer% Correct
actorel actor
80%
cinemael cine
80%
moviela película
80%
directorel director
60%
comedyla comedia
60%
starla estrella
60%
dramael drama
40%
musicalel musical
40%
subtitleslos subtítulos
40%
chapterel capítulo
20%
episodeel episodio
20%
war moviebélica
0%
plotel argumento
0%
short movieel cortometraje
0%
dubbingel doblaje
0%
screenplayel guión
0%
awardsel premio
0%
tv showel serie
0%
actressla acrtiz
0%
statuettela estatuilla
0%
popcornlas palomitas
0%
ticket officela taquilla
0%
seasonla temporada
0%
action moviepelícula de acción
0%
western moviepelícula de oeste
0%
science fiction moviepelícula de sciencia ficción
0%
thriller moviepelícula de suspense
0%
horror moviepelícula de terror
0%
movie with dubbingpelícula doblada
0%
crimepolicíaca
0%
castreparto
0%

Score Distribution

Percentile by Number Answered

Percent of People with Each Score

Your Score History

You have not taken this quiz